000 00329nam a2200133 a 4500
005 20141022142008.0
008 120228s19uu xx 00 eng d
050 _aCD-ROM
_bAc9 1999
100 _aAczel, Amir D.
245 _aComplete business statistics /
_cAmir Aczel.
250 _a4th ed.
260 _c1999.
942 _cAVM
999 _c276605
_d276605